Statistics for Fast Typing the Alphabet Twice

Click here to take the quiz!

General Stats

  • This quiz has been taken 1,440 times
  • The average score is 19 of 26

Answer Stats

Answer% Correct
AA
97%
BB
92%
EE
92%
CC
91%
DD
91%
FF
88%
GG
86%
HH
84%
II
84%
JJ
81%
KK
80%
LL
78%
OO
77%
PP
75%
QQ
74%
RR
73%
MM
71%
NN
71%
TT
70%
SS
68%
UU
65%
WW
59%
VV
58%
YY
49%
XX
48%
ZZ
43%

Score Distribution

Percentile by Number Answered

Percent of People with Each Score

Your Score History

You have not taken this quiz